Detalles MARC
| 000 -LIDER |
| fixed length control field |
01215nam a2200313 a 4500 |
| 001 - NÚMERO DE CONTROL |
| Identificador de número de control |
009 |
| 003 - IDENTIFICACDOR DE NÚMERO DE CONTROL |
| control field |
DO-SdBNP |
| 005 - DATE AND TIME OF LATEST TRANSACTION |
| control field |
20231101132936.0 |
| 007 - CAMPOS FIJOS DE DESCRIPCIÓN FÍSICA |
| fixed length control field |
009 |
| 008 - ELEMENTOS DE LONGITUD FIJA |
| fixed length control field |
110318s2007 sp 000 0 spa d |
| 020 ## - ISBN |
| International Standard Book Number |
9788448145637 |
| 040 ## - FUENTE DE CATALOGACIÓN |
| Agencia que crea de manera original el registro |
BPMSU |
| Idioma de catalogación |
spa |
| Agencia que realiza la transcripción |
BPMSU |
| 082 #4 - NÚMERO DE CLASIFICACIÓN DECIMAL DE DEWEY |
| Classification number |
616.025 |
| Item number |
H318 2005 |
| Edition number |
22 |
| 100 ## - ASIENTO PRINCIPAL -- NOMBRE PERSONAL |
| Término de relación |
|
| 245 00 - MENCIÓN DE TITULO |
| Título |
Harrison : |
| Subtítulo |
manual de medicina / |
| Mención de responsabilidad |
Anthony S. Fauci ... [et al.] ; traducción Martha Elena Araiza Martínez, José Luis González Hernández, Ana María Pérez Tamayo Ruíz ; revisión técnica Gonzalo García de Casasola Sánchez, Juan Antonio Puerto Sebastián. |
| Campo enlazado y núm. de secuencia |
|
| 250 ## - MENCIÓN DE EDICION |
| Mención de edición |
16a. ed. |
| 260 ## - PUBLICACIÓN, DISTRIBUCIÓN, ETC. (PIE DE IMPRENTA) |
| Lugar de publicación, distribución, etc |
Barcelona : |
| Nombre del editor, distribuidor, etc. |
McGraw-Hill : Interamericana, |
| Fecha de publicación, distribución, etc |
2007 |
| 300 ## - DESCRIPCIÓN FÍSICA |
| Extensión |
xv, 1180 p. : |
| Otros detalles físicos |
il. ; |
| Dimensiones |
25 cm. |
| 500 ## - NOTA GENERAL |
| Nota general |
Incluye índice. |
| 534 ## - NOTA SOBRE LA VERSIÓN ORIGINAL |
| Asiento principal del original |
título original : |
| Mención de edición del original |
Ferri's clinical advisor : instant diagnosis and treatment |
| 590 ## - NOTA LOCAL |
| Texto de la nota local |
Inventariado, 2023/VM |
| 650 #4 - ENCABEZAMIENTO DE MATERIA--TEMÁTICO |
| Término temático o nombre geográfico como elemento de entrada |
Urgencias médicas |
| Subdivisión de forma |
Manuales. |
| 650 #4 - ENCABEZAMIENTO DE MATERIA--TEMÁTICO |
| Término temático o nombre geográfico como elemento de entrada |
Cuidados intensivos (Medicina) |
| Subdivisión de forma |
Manuales. |
| 650 #4 - ENCABEZAMIENTO DE MATERIA--TEMÁTICO |
| Término temático o nombre geográfico como elemento de entrada |
Enfermedades |
| Subdivisión temática general |
Tratamiento |
| Subdivisión de forma |
Manuales. |
| 700 1# - ASIENTO SECUNDARIO -- NOMBRE PERSONAL |
| Nombre personal |
Fauci, Anthony S. |
| 700 1# - ASIENTO SECUNDARIO -- NOMBRE PERSONAL |
| Nombre personal |
Araiza, Martha Elena |
| Mención de responsabilidad |
tr. |
| 910 ## - VALIDACIÓN |
| Validación |
VMateo V. Control de calidad. BPMSU |
| 942 ## - ADDED ENTRY ELEMENTS (KOHA) |
| Source of classification or shelving scheme |
Dewey Decimal Classification |
| Koha item type |
Libros |